书目信息 |
| 题名: |
比较视野下的教育变革
|
|
| 作者: | 陈时见 著 | |
| 分册: | ||
| 出版信息: | 北京 北京师范大学出版社 2014 |
|
| 页数: | 477页 | |
| 开本: | 24cm | |
| 丛书名: | 当代中国教育学家文库 | |
| 单 册: | ||
| 中图分类: | G511 | |
| 科图分类: | ||
| 主题词: | 教育改革--Jiao Yu Gai Ge--对比研究--世界 | |
| 电子资源: | ||
| ISBN: | 978-7-303-17154-5 | |
| 000 | 00896nam 2200277 450 | |
| 001 | 012001003374 | |
| 005 | 20131025174846.0 | |
| 010 | @a978-7-303-17154-5@dCNY68.00 | |
| 099 | @aCAL 012014065571 | |
| 100 | @a20140527d2014 em y0chiy50 ea | |
| 101 | 0 | @achi |
| 102 | @aCN@b110000 | |
| 105 | @ay a 000yy | |
| 106 | @ar | |
| 200 | 1 | @a比较视野下的教育变革@ABi Jiao Shi Ye Xia De Jiao Yu Bian Ge@e比较教育理论与世界教育发展 |
| 210 | @a北京@c北京师范大学出版社@d2014 | |
| 215 | @a477页@d24cm | |
| 225 | 2 | @a当代中国教育学家文库@ADang Dai Zhong Guo Jiao Yu Xue Jia Wen Ku@i陈时见卷 |
| 320 | @a有书目 | |
| 410 | 0 | @12001@a当代中国教育学家文库@i陈时见卷 |
| 517 | 1 | @a比较教育理论与世界教育发展 |
| 606 | 0 | @a教育改革@AJiao Yu Gai Ge@x对比研究@y世界 |
| 690 | @aG511@v5 | |
| 701 | 0 | @a陈时见@AChen Shi Jian@4著 |
| 801 | 2 | @aCN@b江苏凤凰@c20191020 |
| 905 | @b1226688-91@dG511@e102@f4 | |
| 比较视野下的教育变革:比较教育理论与世界教育发展.-北京:北京师范大学出版社,2014 |
| 477页;24cm.-(当代中国教育学家文库.陈时见卷) |
| ISBN 978-7-303-17154-5:CNY68.00 |
| ● |
| 相关链接 |
|
|
|
|
正题名:比较视野下的教育变革
索取号:G511/102
 
预约/预借
| 序号 | 登录号 | 条形码 | 馆藏地/架位号 | 状态 | 备注 |
| 1 | 1226688 | 212266885 | 第一样本阅览室/ [索取号:G511/102] | 在馆 | |
| 2 | 1226689 | 212266894 | 教育系资料室/ [索取号:G511/102] | 在馆 | |
| 3 | 1226690 | 212266901 | 教育系资料室/ [索取号:G511/102] | 在馆 | |
| 4 | 1226691 | 212266910 | 第四借阅区/ [索取号:G511/102] | 在馆 |